Länder, die mit A beginnen - Statistiken

Allgemein
  • Dieses Quiz wurde 27 mal gespielt
    14 seit der letzten Aktualisierung
  • Das Durchschnittsergebnis liegt bei 12 aus 13
Antwortstatistiken
Land % Korrekt
Andorra
100%
Argentinien
100%
Aserbaidschan
100%
Afghanistan
91%
Albanien
91%
Algerien
91%
Angola
91%
Armenien
91%
Australien
91%
Ägypten
82%
Äquatorialguinea
82%
Äthiopien
82%
Antigua und Barbuda
73%
Keine übereinstimmenden Quizze gefunden
Verteilung der Resultate
Anzahl Personen mit jedem Resultat
Perzentil nach korrekt beantworteten Fragen
Ihre Resultats-Entwicklung
Sie haben dieses Quiz seit der letzten Aktualisierung nicht gespielt